000 00443nam a2200157Ia 4500
005 20260122095354.0
008 260121s9999||||xx |||||||||||||| ||und||
020 _a9781666871203
082 _a658.8
_bGAL
100 _aGalloway, Stephen
245 0 _aImpact of sales promotion on consumer behaviour /
_cStephen Galloway
260 _aWilmington :
_bAmercian,
_c2023.
300 _axvi,353 p.; hb
650 _aConsumer behavior
942 _cTB
999 _c47132
_d47132